<?xml version="1.0" encoding="UTF-8"?>
<record
    xmlns:xsi="http://www.w3.org/2001/XMLSchema-instance"
    xsi:schemaLocation="http://www.loc.gov/MARC21/slim http://www.loc.gov/standards/marcxml/schema/MARC21slim.xsd"
    xmlns="http://www.loc.gov/MARC21/slim">

  <leader>01396nam a22003137a 4500</leader>
  <controlfield tag="005">20240530110945.0</controlfield>
  <controlfield tag="008">221114s    2021ua ak  g b    000 0 ara d</controlfield>
  <datafield tag="017" ind1=" " ind2=" ">
    <subfield code="a">2021/5656</subfield>
    <subfield code="b">&#x645;&#x635;&#x631;. &#x62F;&#x627;&#x631; &#x627;&#x644;&#x643;&#x62A;&#x628;</subfield>
  </datafield>
  <datafield tag="020" ind1=" " ind2=" ">
    <subfield code="a">9789778126105</subfield>
  </datafield>
  <datafield tag="040" ind1=" " ind2=" ">
    <subfield code="a">EG-CaGPL</subfield>
    <subfield code="c">EG-CaGPL</subfield>
  </datafield>
  <datafield tag="082" ind1="0" ind2="4">
    <subfield code="2">21</subfield>
    <subfield code="a">153.92</subfield>
    <subfield code="b">&#x648; &#x62F;</subfield>
  </datafield>
  <datafield tag="100" ind1="1" ind2=" ">
    <subfield code="a">Wisc - Iv</subfield>
  </datafield>
  <datafield tag="245" ind1="1" ind2="0">
    <subfield code="a">&#x627;&#x644;&#x62F;&#x644;&#x627;&#x644;&#x627;&#x62A; &#x648;&#x627;&#x644;&#x62A;&#x637;&#x628;&#x64A;&#x642;&#x627;&#x62A; &#x627;&#x644;&#x627;&#x643;&#x644;&#x64A;&#x646;&#x64A;&#x643;&#x64A;&#x629; &#x644;&#x645;&#x642;&#x64A;&#x627;&#x633; &#x648;&#x643;&#x633;&#x644;&#x631; &#x644;&#x630;&#x643;&#x627;&#x621; &#x627;&#x644;&#x627;&#x637;&#x641;&#x627;&#x644; =</subfield>
    <subfield code="b">WISC - IV Clinlcal Assessment and Intervention /</subfield>
    <subfield code="c">Wisc - Iv ; edited by Aurelio Prifi Tera, Donald H. Saklofske, Lawrence G. Weiss &#x61B; &#x62A;&#x631;&#x62C;&#x645;&#x629; &#x648;&#x62A;&#x642;&#x62F;&#x64A;&#x645; &#x645;&#x62D;&#x645;&#x62F; &#x627;&#x62D;&#x645;&#x62F; &#x645;&#x62D;&#x645;&#x62F; &#x62E;&#x637;&#x627;&#x628;</subfield>
  </datafield>
  <datafield tag="246" ind1="1" ind2="1">
    <subfield code="a">WISC - IV Clinlcal Assessment and Intervention </subfield>
  </datafield>
  <datafield tag="250" ind1=" " ind2=" ">
    <subfield code="a">&#x637;.1</subfield>
  </datafield>
  <datafield tag="260" ind1=" " ind2=" ">
    <subfield code="a">&#x627;&#x644;&#x642;&#x627;&#x647;&#x631;&#x629; : </subfield>
    <subfield code="b">&#x627;&#x644;&#x645;&#x643;&#x62A;&#x628; &#x627;&#x644;&#x639;&#x631;&#x628;&#x649; &#x644;&#x644;&#x645;&#x639;&#x627;&#x631;&#x641;&#x60C;</subfield>
    <subfield code="c">2021.</subfield>
  </datafield>
  <datafield tag="300" ind1=" " ind2=" ">
    <subfield code="a">745 &#x635;. :</subfield>
    <subfield code="b">&#x627;&#x64A;&#x636; &#x61B;</subfield>
    <subfield code="c">30 &#x633;&#x645; .</subfield>
  </datafield>
  <datafield tag="504" ind1=" " ind2=" ">
    <subfield code="a">&#x64A;&#x634;&#x62A;&#x645;&#x644; &#x639;&#x644;&#x649; &#x627;&#x631;&#x62C;&#x627;&#x639;&#x627;&#x62A; &#x628;&#x628;&#x644;&#x64A;&#x648;&#x62C;&#x631;&#x627;&#x641;&#x64A;&#x629;</subfield>
  </datafield>
  <datafield tag="650" ind1="0" ind2="7">
    <subfield code="2">qrmak</subfield>
    <subfield code="a">&#x627;&#x644;&#x627;&#x637;&#x641;&#x627;&#x644; </subfield>
    <subfield code="x">&#x639;&#x644;&#x645; &#x646;&#x641;&#x633;</subfield>
  </datafield>
  <datafield tag="650" ind1="0" ind2="7">
    <subfield code="2">qrmak</subfield>
    <subfield code="a">&#x627;&#x644;&#x630;&#x643;&#x627;&#x621; </subfield>
    <subfield code="x">&#x645;&#x633;&#x62A;&#x648;&#x649;</subfield>
  </datafield>
  <datafield tag="650" ind1="0" ind2="7">
    <subfield code="2">qrmak</subfield>
    <subfield code="a">&#x627;&#x62E;&#x62A;&#x628;&#x627;&#x631;&#x627;&#x62A; &#x627;&#x644;&#x630;&#x643;&#x627;&#x621;</subfield>
  </datafield>
  <datafield tag="651" ind1=" " ind2=" ">
    <subfield code="2">qrmak</subfield>
  </datafield>
  <datafield tag="700" ind1="0" ind2=" ">
    <subfield code="a">Tera, Aurelio Prifi</subfield>
    <subfield code="e"> editor</subfield>
  </datafield>
  <datafield tag="700" ind1="0" ind2=" ">
    <subfield code="a">  Saklofske ,Donald H.</subfield>
    <subfield code="e">editor</subfield>
  </datafield>
  <datafield tag="700" ind1="0" ind2=" ">
    <subfield code="a"> .Weiss,Lawrence G </subfield>
    <subfield code="e">editor</subfield>
  </datafield>
  <datafield tag="700" ind1="0" ind2=" ">
    <subfield code="a">&#x645;&#x62D;&#x645;&#x62F; &#x627;&#x62D;&#x645;&#x62F; &#x645;&#x62D;&#x645;&#x62F; &#x62E;&#x637;&#x627;&#x628;</subfield>
    <subfield code="e">&#x645;&#x62A;&#x631;&#x62C;&#x645; &#x648;&#x645;&#x642;&#x62F;&#x645;</subfield>
  </datafield>
  <datafield tag="942" ind1=" " ind2=" ">
    <subfield code="2">ddc</subfield>
    <subfield code="c">BK</subfield>
  </datafield>
  <datafield tag="999" ind1=" " ind2=" ">
    <subfield code="c">66883</subfield>
    <subfield code="d">66883</subfield>
  </datafield>
  <datafield tag="952" ind1=" " ind2=" ">
    <subfield code="0">0</subfield>
    <subfield code="1">0</subfield>
    <subfield code="4">0</subfield>
    <subfield code="7">0</subfield>
    <subfield code="a">CAI</subfield>
    <subfield code="b">CAI</subfield>
    <subfield code="c">&#x627;&#x644;&#x641;&#x644;&#x633;&#x641;&#x629; &#x648;&#x639;&#x644;&#x645; &#x627;&#x644;&#x646;&#x641;&#x633;-&#x639;&#x631;&#x628;&#x649;</subfield>
    <subfield code="d">2022-11-14</subfield>
    <subfield code="l">0</subfield>
    <subfield code="o">153.92 &#x648; &#x62F;</subfield>
    <subfield code="p">168852</subfield>
    <subfield code="r">2022-11-14 00:00:00</subfield>
    <subfield code="w">2022-11-14</subfield>
    <subfield code="y">BK</subfield>
  </datafield>
</record>
